=LDR 00000nam 2200000 4500 =001 INLIS000000000025671 =005 20200722122158 =035 ##$$a 0010-061300000025671 =008 200722################g##########0#ind## =041 ##$$a Ind =082 ##$$a 2X5.4 =090 ##$$a 2X5.4, Far d =100 1#$$a Faridl, miftah =245 1#$$a Do'a, Sebuah petunjuk dan contoh-contoh, /$c Miftah Faridl =260 ##$$a Bandung :$b Pustaka,$c 1995 =300 ##$$a xviii, 210 hlm, ; $c 11x16 cm =650 #4$$a Islam - Do'a =850 ##$$a NBPNMAT =084 ##$$a 2X5.4 FAR d =250 ##$$a cet.v =990 ##$$a 103.166/Pro.96 =990 ##$$a 00054141